000
00229nam a22001217a 4500
020
_a
0-43112-269-5
082
_a
001
_b
SPA/E
245
_a
MERCURY
260
_a
UK
_b
HEINEMANN LIBRARY
300
_a
39
650
_a
GK
942
_c
BK
999
_c
6363
_d
6363